000
00297nam a2200121Ia 4500
008
191201s2010 xx 000 0 und d
100
_a
GUPTA,CP
245
0
_a
Element of Thermal Science for Engineering
250
_a
Rep
260
_c
2010
_b
Nem Chand
_a
New Delhi
300
_a
452
942
_2
ddc
_c
BK
999
_c
8143
_d
8143